Canada : Financial Sector Assessment Program-IOSCO Objectives and Principles of Securities Regulation-Detailed Assessment of Implementation.

This paper presents an assessment IMF report on implementation of the International Organization of Securities Commission (IOSCO) principles in Canada. It highlights that developing an integrated and robust view of risks to support supervisory actions remains a key challenge. The IMF report suggests...

Fuld beskrivelse

Bibliografiske detaljer
Institution som forfatter: International Monetary Fund. Monetary and Capital Markets Department
Format: Tidsskrift
Sprog:English
Udgivet: Washington, D.C. : International Monetary Fund, 2014.
Serier:IMF Staff Country Reports; Country Report ; No. 2014/073
Online adgang:Full text available on IMF
LEADER 01752cas a2200241 a 4500
001 AALejournalIMF014279
008 230101c9999 xx r poo 0 0eng d
020 |c 5.00 USD 
020 |z 9781475523850 
022 |a 1934-7685 
040 |a BD-DhAAL  |c BD-DhAAL 
110 2 |a International Monetary Fund.  |b Monetary and Capital Markets Department. 
245 1 0 |a Canada :   |b Financial Sector Assessment Program-IOSCO Objectives and Principles of Securities Regulation-Detailed Assessment of Implementation. 
264 1 |a Washington, D.C. :  |b International Monetary Fund,  |c 2014. 
300 |a 1 online resource (244 pages) 
490 1 |a IMF Staff Country Reports 
500 |a <strong>Off-Campus Access:</strong> No User ID or Password Required 
500 |a <strong>On-Campus Access:</strong> No User ID or Password Required 
506 |a Electronic access restricted to authorized BRAC University faculty, staff and students 
520 3 |a This paper presents an assessment IMF report on implementation of the International Organization of Securities Commission (IOSCO) principles in Canada. It highlights that developing an integrated and robust view of risks to support supervisory actions remains a key challenge. The IMF report suggests that the securities regulators should continue to take steps to ensure timely decision making in policy formulation. However, the current governance arrangements, based on a consensus building approach across several entities, is expected to affect timeliness of decision making. 
538 |a Mode of access: Internet 
830 0 |a IMF Staff Country Reports; Country Report ;  |v No. 2014/073 
856 4 0 |z Full text available on IMF  |u http://elibrary.imf.org/view/journals/002/2014/073/002.2014.issue-073-en.xml  |z IMF e-Library